00192nam a2200073Ia 4500008004100000100001600041245004000057260002100097120527s9999 xx 000 0 und d aYUJI, Genda aA Nagging sense of job insecurity  bJean Conell Hoff